Statistics for Countries by a Single Clue #7

Click here to take the quiz!

General Stats

  • This quiz has been taken 46,567 times
  • The average score is 12 of 20

Answer Stats

ClueCountry% Correct
The only country whose name starts with QQatar
98%
Where the Renaissance beganItaly
94%
Its major cities include Marrakesh, Tangier, and AgadirMorocco
82%
Its national oil company has a market valuation of around 2 trillion dollarsSaudi Arabia
82%
Smallest of the Benelux countriesLuxembourg
74%
The U.S. has banned most imports from this country since 1962Cuba
70%
Has about the same number of horses as peopleMongolia
64%
Northernmost of the former Yugoslav republicsSlovenia
62%
Where the Danube River meets the Black SeaRomania
61%
Central American country that abolished its military in 1949Costa Rica
58%
Island country that was controlled by Carthaginians, Romans, Byzantines, Moors,
Normans, Spanish, Knights Hospitallers, French, and British
Malta
58%
Its capital city is AccraGhana
54%
Home to the Mayan ruins of TikalGuatemala
53%
The first country to make Bitcoin an official currencyEl Salvador
45%
Its largest city was formerly known as RangoonMyanmar
45%
Borders six countries, including Nigeria, Rep. of the Congo, and ChadCameroon
44%
The British helped to create this country with the Balfour DeclarationIsrael
40%
Ruled by emperor Haile Selassie from 1930–1974Ethiopia
36%
The largest country in MelanesiaPapua New Guinea
31%
The first country to make Christianity a state religion (301 AD)Armenia
20%

Score Distribution

Percentile by Number Answered

Percent of People with Each Score

Your Score History

You have not taken this quiz